Doce ensayos por la dignidad nacional, la soberanía y el derecho al desarrollo (no al TLC)

保存先:
書誌詳細
第一著者: Mora Jiménez, Henry
フォーマット: テキスト
出版事項: San José
主題:
タグ: タグ追加
タグなし, このレコードへの初めてのタグを付けませんか!

MARC

LEADER 00000 a a2200000 04500
001 33634
003
040
090 |a 0001 M827d  
100 |a Mora Jiménez, Henry  
245 |a Doce ensayos por la dignidad nacional, la soberanía y el derecho al desarrollo (no al TLC)  
260 |a San José  
300 |a 248 p.  
650 |a TLC  
650 |a SISTEMA DE SALUD  
650 |a MEDICAMENTOS  
650 |a COSTA RICA  
999 |c 11028  |d 11028